Which border is longer? - Statistics

General Stats
  • This quiz has been taken 52 times
    51 since last reset
  • The average score is 6 of 10
Answer Stats
Question Answer % Correct
Question 7 Germany - Czechia
88%
Question 6 Chile - Peru
85%
Question 9 India - Pakistan
81%
Question 1 Guinea - Sierra Leone
73%
Question 5 Mali - Mauritania
58%
Question 3 China - Mongolia
50%
Question 8 Denmark - Germany
46%
Question 10 Lesotho - South Africa
31%
Question 2 Yemen - Saudi Arabia
27%
Question 4 Botswana - South Africa
19%
No matching quizzes found
Score Distribution
Percent of People with Each Score
Percentile by Number Answered
Your Score History
You have not taken this quiz since the last reset